000 01011nam a2200301 a 4500
001 000021152
003 DO-SdBNP
005 20240925085245.0
007 ta
008 100901s2006 dr a 000 0 spa d
020 _a994505001X
040 _aDO-SdBNP
_bspa
_cBNPHU
082 4 _a972.9301
_bO49s
_222
100 1 _aOlivo, Milton,
_d1963-
_944221
245 1 3 _aEl secreto taíno /
_cMilton Olivo.
260 _aSanto Domingo :
_bMayobanex,
_c2006.
300 _a125 p. :
_bil. ;
_c22 cm.
500 _aIncluye datos biográficos del autor : p. 125
504 _aBibliografía : p. 124-125
590 _aInventariado, 2020/MFF
650 4 _aTaínos
_91856
_zRepública Dominicana
650 4 _aTaínos
_941003
_zPuerto Rico
650 4 _aTaínos
_944223
_zCuba
650 4 _aIndígenas de las Antillas
_xVida social y costumbres
_944131
651 0 _aRepública Dominicana --
_xHistoria --
_yDescubrimiento y conquista, 1492-1503
_9255
910 _aValidado. Control de calidad MFF
942 _2ddc
_cLBS1
999 _c20654
_d20654